<?xml version="1.0" encoding="UTF-8"?>
<collection xmlns="http://www.loc.gov/MARC21/slim">
 <record>
  <leader>09391nas a22007931  4500</leader>
  <controlfield tag="001">1/50301</controlfield>
  <controlfield tag="008">020614c19499999gr qrzp           g0gre d</controlfield>
  <datafield tag="022" ind1="0" ind2=" ">
   <subfield code="a">1106-0808</subfield>
  </datafield>
  <datafield tag="035" ind1=" " ind2=" ">
   <subfield code="l">23822</subfield>
  </datafield>
  <datafield tag="040" ind1=" " ind2=" ">
   <subfield code="a">GR-PeUP</subfield>
  </datafield>
  <datafield tag="090" ind1=" " ind2=" ">
   <subfield code="a">Αλφαβητική σειρά</subfield>
  </datafield>
  <datafield tag="245" ind1="0" ind2="0">
   <subfield code="a">Επιθεώρηση του εμπορικού δικαίου</subfield>
  </datafield>
  <datafield tag="260" ind1=" " ind2=" ">
   <subfield code="a">Αθήνα :</subfield>
   <subfield code="b">Μεντζελόπουλος Παναγ. Γαλ.,</subfield>
   <subfield code="c">[1949]</subfield>
  </datafield>
  <datafield tag="300" ind1=" " ind2=" ">
   <subfield code="a">τ. ;</subfield>
   <subfield code="c">24 εκ.</subfield>
  </datafield>
  <datafield tag="310" ind1=" " ind2=" ">
   <subfield code="a">Τριμηνιαίο</subfield>
  </datafield>
  <datafield tag="362" ind1="0" ind2=" ">
   <subfield code="a">Τομ. Μ΄, τχ. 1 (Ιαν. 1989) - τ. ΝΔ΄, τχ. 4 (Οκτ./Δεκ.2003)</subfield>
  </datafield>
  <datafield tag="362" ind1="0" ind2=" ">
   <subfield code="a">Τομ. ΝΕ΄, τχ. 1 (Ιαν./Μάρτ. 2004)-</subfield>
  </datafield>
  <datafield tag="546" ind1=" " ind2=" ">
   <subfield code="a">Ελληνική</subfield>
  </datafield>
  <datafield tag="650" ind1=" " ind2="4">
   <subfield code="a">Εμπορικό Δίκαιο</subfield>
   <subfield code="v">Περιοδικά.</subfield>
  </datafield>
  <datafield tag="852" ind1=" " ind2=" ">
   <subfield code="a">INST</subfield>
   <subfield code="b">UNIPILB</subfield>
   <subfield code="c">SERIALS</subfield>
   <subfield code="e">20050128</subfield>
   <subfield code="h">Αλφαβητική σειρά</subfield>
   <subfield code="p">39397</subfield>
   <subfield code="q">39397</subfield>
   <subfield code="t">NOLOAN</subfield>
   <subfield code="v">τομ.55;τεύχ.1:(Μήνες)Ιαν./Φεβ./Μάρ.;(Έτος)2004</subfield>
   <subfield code="y">23</subfield>
  </datafield>
  <datafield tag="852" ind1=" " ind2=" ">
   <subfield code="a">INST</subfield>
   <subfield code="b">UNIPILB</subfield>
   <subfield code="c">SERIALS</subfield>
   <subfield code="e">20050128</subfield>
   <subfield code="h">Αλφαβητική σειρά</subfield>
   <subfield code="p">39398</subfield>
   <subfield code="q">39398</subfield>
   <subfield code="t">NOLOAN</subfield>
   <subfield code="v">τομ.55;τεύχ.2:(Μήνες)Απρ./Μάιος/Ιούν.;(Έτος)2004</subfield>
   <subfield code="y">23</subfield>
  </datafield>
  <datafield tag="852" ind1=" " ind2=" ">
   <subfield code="a">INST</subfield>
   <subfield code="b">UNIPILB</subfield>
   <subfield code="c">SERIALS</subfield>
   <subfield code="e">20050128</subfield>
   <subfield code="h">Αλφαβητική σειρά</subfield>
   <subfield code="p">39399</subfield>
   <subfield code="q">39399</subfield>
   <subfield code="t">NOLOAN</subfield>
   <subfield code="v">τομ.55;τεύχ.3:(Μήνες)Ιούλ./Αύγ./Σεπ.;(Έτος)2004</subfield>
   <subfield code="y">23</subfield>
  </datafield>
  <datafield tag="852" ind1=" " ind2=" ">
   <subfield code="a">INST</subfield>
   <subfield code="b">UNIPILB</subfield>
   <subfield code="c">SERIALS</subfield>
   <subfield code="e">20050128</subfield>
   <subfield code="h">Αλφαβητική σειρά</subfield>
   <subfield code="p">39400</subfield>
   <subfield code="q">39400</subfield>
   <subfield code="t">NOLOAN</subfield>
   <subfield code="v">τομ.55;τεύχ.4:(Μήνες)Οκτ./Νοέμ./Δεκ.;(Έτος)2004</subfield>
   <subfield code="y">23</subfield>
  </datafield>
  <datafield tag="852" ind1=" " ind2=" ">
   <subfield code="a">INST</subfield>
   <subfield code="b">UNIPILB</subfield>
   <subfield code="c">SERIALS</subfield>
   <subfield code="e">20050422</subfield>
   <subfield code="h">Αλφαβητική σειρά</subfield>
   <subfield code="p">42740</subfield>
   <subfield code="q">42740</subfield>
   <subfield code="t">NOLOAN</subfield>
   <subfield code="v">τομ.56;τεύχ.1:(Μήνες)Ιαν./Φεβ./Μάρ.;(Έτος)2005</subfield>
   <subfield code="y">23</subfield>
  </datafield>
  <datafield tag="852" ind1=" " ind2=" ">
   <subfield code="a">INST</subfield>
   <subfield code="b">UNIPILB</subfield>
   <subfield code="c">SERIALS</subfield>
   <subfield code="e">20050819</subfield>
   <subfield code="h">Αλφαβητική σειρά</subfield>
   <subfield code="p">45328</subfield>
   <subfield code="q">45328</subfield>
   <subfield code="t">NOLOAN</subfield>
   <subfield code="v">τομ.56;τεύχ.2:(Μήνες)Απρ./Μάιος/Ιούν.;(Έτος)2005</subfield>
   <subfield code="y">23</subfield>
  </datafield>
  <datafield tag="852" ind1=" " ind2=" ">
   <subfield code="a">INST</subfield>
   <subfield code="b">UNIPILB</subfield>
   <subfield code="c">SERIALS</subfield>
   <subfield code="e">20051103</subfield>
   <subfield code="h">Αλφαβητική σειρά</subfield>
   <subfield code="p">48083</subfield>
   <subfield code="q">48083</subfield>
   <subfield code="t">NOLOAN</subfield>
   <subfield code="v">τομ.56;τεύχ.3:(Μήνες)Ιούλ./Αύγ./Σεπ.;(Έτος)2005</subfield>
   <subfield code="y">23</subfield>
  </datafield>
  <datafield tag="852" ind1=" " ind2=" ">
   <subfield code="a">INST</subfield>
   <subfield code="b">UNIPILB</subfield>
   <subfield code="c">SERIALS</subfield>
   <subfield code="e">20060201</subfield>
   <subfield code="h">Αλφαβητική σειρά</subfield>
   <subfield code="p">49894</subfield>
   <subfield code="q">49894</subfield>
   <subfield code="t">NOLOAN</subfield>
   <subfield code="v">τομ.56;τεύχ.4:(Μήνες)Οκτ./Νοέμ./Δεκ.;(Έτος)2005</subfield>
   <subfield code="y">23</subfield>
  </datafield>
  <datafield tag="852" ind1=" " ind2=" ">
   <subfield code="a">INST</subfield>
   <subfield code="b">UNIPILB</subfield>
   <subfield code="c">SERIALS</subfield>
   <subfield code="e">20060516</subfield>
   <subfield code="h">Αλφαβητική σειρά</subfield>
   <subfield code="p">51479</subfield>
   <subfield code="q">51479</subfield>
   <subfield code="t">NOLOAN</subfield>
   <subfield code="v">τομ.57;τεύχ.1:(Μήνες)Ιαν./Φεβ./Μάρ.;(Έτος)2006</subfield>
   <subfield code="y">23</subfield>
  </datafield>
  <datafield tag="852" ind1=" " ind2=" ">
   <subfield code="a">INST</subfield>
   <subfield code="b">UNIPILB</subfield>
   <subfield code="c">SERIALS</subfield>
   <subfield code="e">20060818</subfield>
   <subfield code="h">Αλφαβητική σειρά</subfield>
   <subfield code="p">52281</subfield>
   <subfield code="q">52281</subfield>
   <subfield code="t">NOLOAN</subfield>
   <subfield code="v">τομ.57;τεύχ.2:(Μήνες)Απρ./Μάιος/Ιούν.;(Έτος)2006</subfield>
   <subfield code="y">23</subfield>
  </datafield>
  <datafield tag="852" ind1=" " ind2=" ">
   <subfield code="a">INST</subfield>
   <subfield code="b">UNIPILB</subfield>
   <subfield code="c">SERIALS</subfield>
   <subfield code="e">20061030</subfield>
   <subfield code="h">Αλφαβητική σειρά</subfield>
   <subfield code="p">53325</subfield>
   <subfield code="q">53325</subfield>
   <subfield code="t">NOLOAN</subfield>
   <subfield code="v">τομ.57;τεύχ.3:(Μήνες)Ιούλ./Αύγ./Σεπ.;(Έτος)2006</subfield>
   <subfield code="y">23</subfield>
  </datafield>
  <datafield tag="852" ind1=" " ind2=" ">
   <subfield code="a">INST</subfield>
   <subfield code="b">UNIPILB</subfield>
   <subfield code="c">SERIALS</subfield>
   <subfield code="e">20070315</subfield>
   <subfield code="h">Αλφαβητική σειρά</subfield>
   <subfield code="p">54971</subfield>
   <subfield code="q">54971</subfield>
   <subfield code="t">NOLOAN</subfield>
   <subfield code="v">τομ.57;τεύχ.4:(Μήνες)Οκτ./Νοέμ./Δεκ.;(Έτος)2006</subfield>
   <subfield code="y">23</subfield>
  </datafield>
  <datafield tag="852" ind1=" " ind2=" ">
   <subfield code="a">INST</subfield>
   <subfield code="b">UNIPILB</subfield>
   <subfield code="c">SERIALS</subfield>
   <subfield code="e">20070521</subfield>
   <subfield code="h">Αλφαβητική σειρά</subfield>
   <subfield code="p">55682</subfield>
   <subfield code="q">55682</subfield>
   <subfield code="t">NOLOAN</subfield>
   <subfield code="v">τομ.58;τεύχ.1:(Μήνες)Ιαν./Φεβ./Μάρ.;(Έτος)2007</subfield>
   <subfield code="y">23</subfield>
  </datafield>
  <datafield tag="852" ind1=" " ind2=" ">
   <subfield code="a">INST</subfield>
   <subfield code="b">UNIPILB</subfield>
   <subfield code="c">SERIALS</subfield>
   <subfield code="e">20071019</subfield>
   <subfield code="h">Αλφαβητική σειρά</subfield>
   <subfield code="p">57649</subfield>
   <subfield code="q">57649</subfield>
   <subfield code="t">NOLOAN</subfield>
   <subfield code="v">τομ.58;τεύχ.2:(Μήνες)Απρ./Μάιος/Ιούν.;(Έτος)2007</subfield>
   <subfield code="y">23</subfield>
  </datafield>
  <datafield tag="852" ind1=" " ind2=" ">
   <subfield code="a">INST</subfield>
   <subfield code="b">UNIPILB</subfield>
   <subfield code="c">SERIALS</subfield>
   <subfield code="e">20071025</subfield>
   <subfield code="h">Αλφαβητική σειρά</subfield>
   <subfield code="p">57934</subfield>
   <subfield code="q">57934</subfield>
   <subfield code="t">NOLOAN</subfield>
   <subfield code="v">τομ.58;τεύχ.3:(Μήνες)Ιούλ./Αύγ./Σεπ.;(Έτος)2007</subfield>
   <subfield code="y">23</subfield>
  </datafield>
  <datafield tag="852" ind1=" " ind2=" ">
   <subfield code="a">INST</subfield>
   <subfield code="b">UNIPILB</subfield>
   <subfield code="c">SERIALS</subfield>
   <subfield code="e">20080318</subfield>
   <subfield code="h">Αλφαβητική σειρά</subfield>
   <subfield code="p">60232</subfield>
   <subfield code="q">60232</subfield>
   <subfield code="t">NOLOAN</subfield>
   <subfield code="v">τομ.58;τεύχ.4:(Μήνες)Οκτ./Νοέμ./Δεκ.;(Έτος)2007</subfield>
   <subfield code="y">23</subfield>
  </datafield>
  <datafield tag="852" ind1=" " ind2=" ">
   <subfield code="a">INST</subfield>
   <subfield code="b">UNIPILB</subfield>
   <subfield code="c">SERIALS</subfield>
   <subfield code="e">20080530</subfield>
   <subfield code="h">Αλφαβητική σειρά</subfield>
   <subfield code="p">60654</subfield>
   <subfield code="q">60654</subfield>
   <subfield code="t">NOLOAN</subfield>
   <subfield code="v">τομ.59;τεύχ.1:(Μήνες)Ιαν./Φεβ./Μάρ.;(Έτος)2008</subfield>
   <subfield code="y">23</subfield>
  </datafield>
  <datafield tag="852" ind1=" " ind2=" ">
   <subfield code="a">INST</subfield>
   <subfield code="b">UNIPILB</subfield>
   <subfield code="c">SERIALS</subfield>
   <subfield code="e">20080724</subfield>
   <subfield code="h">Αλφαβητική σειρά</subfield>
   <subfield code="p">61221</subfield>
   <subfield code="q">61221</subfield>
   <subfield code="t">NOLOAN</subfield>
   <subfield code="v">τομ.59;τεύχ.2:(Μήνες)Απρ./Μάιος/Ιούν.;(Έτος)2008</subfield>
   <subfield code="y">23</subfield>
  </datafield>
  <datafield tag="852" ind1=" " ind2=" ">
   <subfield code="a">INST</subfield>
   <subfield code="b">UNIPILB</subfield>
   <subfield code="c">SERIALS</subfield>
   <subfield code="e">20081118</subfield>
   <subfield code="h">Αλφαβητική σειρά</subfield>
   <subfield code="p">62081</subfield>
   <subfield code="q">62081</subfield>
   <subfield code="t">NOLOAN</subfield>
   <subfield code="v">τομ.59;τεύχ.3:(Μήνες)Ιούλ./Αύγ./Σεπ.;(Έτος)2008</subfield>
   <subfield code="y">23</subfield>
  </datafield>
  <datafield tag="852" ind1=" " ind2=" ">
   <subfield code="a">INST</subfield>
   <subfield code="b">UNIPILB</subfield>
   <subfield code="c">SERIALS</subfield>
   <subfield code="e">20090225</subfield>
   <subfield code="h">Αλφαβητική σειρά</subfield>
   <subfield code="p">63177</subfield>
   <subfield code="q">63177</subfield>
   <subfield code="t">NOLOAN</subfield>
   <subfield code="v">τομ.59;τεύχ.4:(Μήνες)Οκτ./Νοέμ./Δεκ.;(Έτος)2008</subfield>
   <subfield code="y">23</subfield>
  </datafield>
  <datafield tag="852" ind1=" " ind2=" ">
   <subfield code="a">INST</subfield>
   <subfield code="b">UNIPILB</subfield>
   <subfield code="c">SERIALS</subfield>
   <subfield code="e">20090518</subfield>
   <subfield code="h">Αλφαβητική σειρά</subfield>
   <subfield code="p">64104</subfield>
   <subfield code="q">64104</subfield>
   <subfield code="t">NOLOAN</subfield>
   <subfield code="v">τομ.60;τεύχ.1:(Μήνες)Ιαν./Φεβ./Μάρ.;(Έτος)2009</subfield>
   <subfield code="y">23</subfield>
  </datafield>
  <datafield tag="852" ind1=" " ind2=" ">
   <subfield code="a">INST</subfield>
   <subfield code="b">UNIPILB</subfield>
   <subfield code="c">SERIALS</subfield>
   <subfield code="e">20090901</subfield>
   <subfield code="h">Αλφαβητική σειρά</subfield>
   <subfield code="p">64544</subfield>
   <subfield code="q">64544</subfield>
   <subfield code="t">NOLOAN</subfield>
   <subfield code="v">τομ.60;τεύχ.2:(Μήνες)Απρ./Μάιος/Ιούν.;(Έτος)2009</subfield>
   <subfield code="y">23</subfield>
  </datafield>
  <datafield tag="852" ind1=" " ind2=" ">
   <subfield code="a">INST</subfield>
   <subfield code="b">UNIPILB</subfield>
   <subfield code="c">SERIALS</subfield>
   <subfield code="e">20091111</subfield>
   <subfield code="h">Αλφαβητική σειρά</subfield>
   <subfield code="p">65372</subfield>
   <subfield code="q">65372</subfield>
   <subfield code="t">NOLOAN</subfield>
   <subfield code="v">τομ.60;τεύχ.3:(Μήνες)Ιούλ./Αύγ./Σεπ.;(Έτος)2009</subfield>
   <subfield code="y">23</subfield>
  </datafield>
  <datafield tag="852" ind1=" " ind2=" ">
   <subfield code="a">INST</subfield>
   <subfield code="b">UNIPILB</subfield>
   <subfield code="c">SERIALS</subfield>
   <subfield code="e">20100308</subfield>
   <subfield code="h">Αλφαβητική σειρά</subfield>
   <subfield code="p">67258</subfield>
   <subfield code="q">67258</subfield>
   <subfield code="t">NOLOAN</subfield>
   <subfield code="v">τομ.60;τεύχ.4:(Μήνες)Οκτ./Νοέμ./Δεκ.;(Έτος)2009</subfield>
   <subfield code="y">23</subfield>
  </datafield>
  <datafield tag="852" ind1=" " ind2=" ">
   <subfield code="a">INST</subfield>
   <subfield code="b">UNIPILB</subfield>
   <subfield code="c">SERIALS</subfield>
   <subfield code="e">20100610</subfield>
   <subfield code="h">Αλφαβητική σειρά</subfield>
   <subfield code="p">68330</subfield>
   <subfield code="q">68330</subfield>
   <subfield code="t">NOLOAN</subfield>
   <subfield code="v">τομ.61;τεύχ.1:(Μήνες)Ιαν./Φεβ./Μάρ.;(Έτος)2010</subfield>
   <subfield code="y">23</subfield>
  </datafield>
  <datafield tag="852" ind1=" " ind2=" ">
   <subfield code="a">INST</subfield>
   <subfield code="b">UNIPILB</subfield>
   <subfield code="c">SERIALS</subfield>
   <subfield code="e">20100909</subfield>
   <subfield code="h">Αλφαβητική σειρά</subfield>
   <subfield code="p">69797</subfield>
   <subfield code="q">69797</subfield>
   <subfield code="t">NOLOAN</subfield>
   <subfield code="v">τομ.61;τεύχ.2:(Μήνες)Απρ./Μάιος/Ιούν.;(Έτος)2010</subfield>
   <subfield code="y">23</subfield>
  </datafield>
  <datafield tag="852" ind1=" " ind2=" ">
   <subfield code="a">INST</subfield>
   <subfield code="b">UNIPILB</subfield>
   <subfield code="c">SERIALS</subfield>
   <subfield code="e">20101112</subfield>
   <subfield code="h">Αλφαβητική σειρά</subfield>
   <subfield code="p">70569</subfield>
   <subfield code="q">70569</subfield>
   <subfield code="t">NOLOAN</subfield>
   <subfield code="v">τομ.61;τεύχ.3:(Μήνες)Ιούλ./Αύγ./Σεπ.;(Έτος)2010</subfield>
   <subfield code="y">23</subfield>
  </datafield>
  <datafield tag="852" ind1=" " ind2=" ">
   <subfield code="a">INST</subfield>
   <subfield code="b">UNIPILB</subfield>
   <subfield code="c">SERIALS</subfield>
   <subfield code="e">20110228</subfield>
   <subfield code="h">Αλφαβητική σειρά</subfield>
   <subfield code="p">71228</subfield>
   <subfield code="q">71228</subfield>
   <subfield code="t">NOLOAN</subfield>
   <subfield code="v">τομ.61;τεύχ.4:(Μήνες)Οκτ./Νοέμ./Δεκ.;(Έτος)2010</subfield>
   <subfield code="y">23</subfield>
  </datafield>
  <datafield tag="852" ind1=" " ind2=" ">
   <subfield code="a">INST</subfield>
   <subfield code="b">UNIPILB</subfield>
   <subfield code="c">SERIALS</subfield>
   <subfield code="e">20110524</subfield>
   <subfield code="h">Αλφαβητική σειρά</subfield>
   <subfield code="p">71835</subfield>
   <subfield code="q">71835</subfield>
   <subfield code="t">NOLOAN</subfield>
   <subfield code="v">τομ.62;τεύχ.1:(Μήνες)Ιαν./Φεβ./Μάρ.;(Έτος)2011</subfield>
   <subfield code="y">23</subfield>
  </datafield>
  <datafield tag="852" ind1=" " ind2=" ">
   <subfield code="a">INST</subfield>
   <subfield code="b">UNIPILB</subfield>
   <subfield code="c">SERIALS</subfield>
   <subfield code="e">20110923</subfield>
   <subfield code="h">Αλφαβητική σειρά</subfield>
   <subfield code="p">72697</subfield>
   <subfield code="q">72697</subfield>
   <subfield code="t">NOLOAN</subfield>
   <subfield code="v">τομ.62;τεύχ.2:(Μήνες)Απρ./Μάιος/Ιούν.;(Έτος)2011</subfield>
   <subfield code="y">23</subfield>
  </datafield>
  <datafield tag="852" ind1=" " ind2=" ">
   <subfield code="a">INST</subfield>
   <subfield code="b">UNIPILB</subfield>
   <subfield code="c">SERIALS</subfield>
   <subfield code="e">20111128</subfield>
   <subfield code="h">Αλφαβητική σειρά</subfield>
   <subfield code="p">73618</subfield>
   <subfield code="q">73618</subfield>
   <subfield code="t">NOLOAN</subfield>
   <subfield code="v">τομ.62;τεύχ.3:(Μήνες)Ιούλ./Αύγ./Σεπ.;(Έτος)2011</subfield>
   <subfield code="y">23</subfield>
  </datafield>
  <datafield tag="852" ind1=" " ind2=" ">
   <subfield code="a">INST</subfield>
   <subfield code="b">UNIPILB</subfield>
   <subfield code="c">SERIALS</subfield>
   <subfield code="e">20120228</subfield>
   <subfield code="h">Αλφαβητική σειρά</subfield>
   <subfield code="p">74592</subfield>
   <subfield code="q">74592</subfield>
   <subfield code="t">NOLOAN</subfield>
   <subfield code="v">τομ.62;τεύχ.4:(Μήνες)Οκτ./Νοέμ./Δεκ.;(Έτος)2011</subfield>
   <subfield code="y">23</subfield>
  </datafield>
  <datafield tag="852" ind1=" " ind2=" ">
   <subfield code="a">INST</subfield>
   <subfield code="b">UNIPILB</subfield>
   <subfield code="c">SERIALS</subfield>
   <subfield code="e">20120511</subfield>
   <subfield code="h">Αλφαβητική σειρά</subfield>
   <subfield code="p">75393</subfield>
   <subfield code="q">75393</subfield>
   <subfield code="t">NOLOAN</subfield>
   <subfield code="v">τομ.63;τεύχ.1:(Μήνες)Ιαν./Φεβ./Μάρ.;(Έτος)2012</subfield>
   <subfield code="y">23</subfield>
  </datafield>
  <datafield tag="852" ind1=" " ind2=" ">
   <subfield code="a">INST</subfield>
   <subfield code="b">UNIPILB</subfield>
   <subfield code="c">SERIALS</subfield>
   <subfield code="e">20120726</subfield>
   <subfield code="h">Αλφαβητική σειρά</subfield>
   <subfield code="p">76223</subfield>
   <subfield code="q">76223</subfield>
   <subfield code="t">NOLOAN</subfield>
   <subfield code="v">τομ.63;τεύχ.2:(Μήνες)Απρ./Μάιος/Ιούν.;(Έτος)2012</subfield>
   <subfield code="y">23</subfield>
  </datafield>
  <datafield tag="852" ind1=" " ind2=" ">
   <subfield code="a">INST</subfield>
   <subfield code="b">UNIPILB</subfield>
   <subfield code="c">SERIALS</subfield>
   <subfield code="e">20121101</subfield>
   <subfield code="h">Αλφαβητική σειρά</subfield>
   <subfield code="p">76995</subfield>
   <subfield code="q">76995</subfield>
   <subfield code="t">NOLOAN</subfield>
   <subfield code="v">τομ.63;τεύχ.3:(Μήνες)Ιούλ./Αύγ./Σεπ.;(Έτος)2012</subfield>
   <subfield code="y">23</subfield>
  </datafield>
  <datafield tag="852" ind1=" " ind2=" ">
   <subfield code="a">INST</subfield>
   <subfield code="b">UNIPILB</subfield>
   <subfield code="c">SERIALS</subfield>
   <subfield code="e">20130306</subfield>
   <subfield code="h">Αλφαβητική σειρά</subfield>
   <subfield code="p">78282</subfield>
   <subfield code="q">78282</subfield>
   <subfield code="t">NOLOAN</subfield>
   <subfield code="v">τομ.63;τεύχ.4:(Μήνες)Οκτ./Νοέμ./Δεκ.;(Έτος)2012</subfield>
   <subfield code="y">23</subfield>
  </datafield>
  <datafield tag="852" ind1=" " ind2=" ">
   <subfield code="a">INST</subfield>
   <subfield code="b">UNIPILB</subfield>
   <subfield code="c">SERIALS</subfield>
   <subfield code="e">20130611</subfield>
   <subfield code="h">Αλφαβητική σειρά</subfield>
   <subfield code="p">80027</subfield>
   <subfield code="q">80027</subfield>
   <subfield code="t">NOLOAN</subfield>
   <subfield code="v">τομ.64;τεύχ.1:(Μήνες)Ιαν./Φεβ./Μάρ.;(Έτος)2013</subfield>
   <subfield code="y">23</subfield>
  </datafield>
  <datafield tag="852" ind1=" " ind2=" ">
   <subfield code="a">INST</subfield>
   <subfield code="b">UNIPILB</subfield>
   <subfield code="c">SERIALS</subfield>
   <subfield code="e">20130829</subfield>
   <subfield code="h">Αλφαβητική σειρά</subfield>
   <subfield code="p">80762</subfield>
   <subfield code="q">80762</subfield>
   <subfield code="t">NOLOAN</subfield>
   <subfield code="v">τομ.64;τεύχ.2:(Μήνες)Απρ./Μάιος/Ιούν.;(Έτος)2013</subfield>
   <subfield code="y">23</subfield>
  </datafield>
  <datafield tag="852" ind1=" " ind2=" ">
   <subfield code="a">INST</subfield>
   <subfield code="b">UNIPILB</subfield>
   <subfield code="c">SERIALS</subfield>
   <subfield code="e">20131108</subfield>
   <subfield code="h">Αλφαβητική σειρά</subfield>
   <subfield code="p">81288</subfield>
   <subfield code="q">81288</subfield>
   <subfield code="t">NOLOAN</subfield>
   <subfield code="v">τομ.64;τεύχ.3:(Μήνες)Ιούλ./Αύγ./Σεπ.;(Έτος)2013</subfield>
   <subfield code="y">23</subfield>
  </datafield>
  <datafield tag="852" ind1=" " ind2=" ">
   <subfield code="a">INST</subfield>
   <subfield code="b">UNIPILB</subfield>
   <subfield code="c">SERIALS</subfield>
   <subfield code="e">20140214</subfield>
   <subfield code="h">Αλφαβητική σειρά</subfield>
   <subfield code="p">82069</subfield>
   <subfield code="q">82069</subfield>
   <subfield code="t">NOLOAN</subfield>
   <subfield code="v">τομ.64;τεύχ.4:(Μήνες)Οκτ./Νοέμ./Δεκ.;(Έτος)2013</subfield>
   <subfield code="y">23</subfield>
  </datafield>
  <datafield tag="852" ind1=" " ind2=" ">
   <subfield code="a">INST</subfield>
   <subfield code="b">UNIPILB</subfield>
   <subfield code="c">SERIALS</subfield>
   <subfield code="e">20140505</subfield>
   <subfield code="h">Αλφαβητική σειρά</subfield>
   <subfield code="p">83004</subfield>
   <subfield code="q">83004</subfield>
   <subfield code="t">NOLOAN</subfield>
   <subfield code="v">τομ.65;τεύχ.1:(Μήνες)Ιαν./Φεβ./Μάρ.;(Έτος)2014</subfield>
   <subfield code="y">23</subfield>
  </datafield>
  <datafield tag="852" ind1=" " ind2=" ">
   <subfield code="a">INST</subfield>
   <subfield code="b">UNIPILB</subfield>
   <subfield code="c">SERIALS</subfield>
   <subfield code="e">20140724</subfield>
   <subfield code="h">Αλφαβητική σειρά</subfield>
   <subfield code="p">84491</subfield>
   <subfield code="q">84491</subfield>
   <subfield code="t">NOLOAN</subfield>
   <subfield code="v">τομ.65;τεύχ.2:(Μήνες)Απρ./Μάιος/Ιούν.;(Έτος)2014</subfield>
   <subfield code="y">23</subfield>
  </datafield>
  <datafield tag="852" ind1=" " ind2=" ">
   <subfield code="a">INST</subfield>
   <subfield code="b">UNIPILB</subfield>
   <subfield code="c">SERIALS</subfield>
   <subfield code="e">20141118</subfield>
   <subfield code="h">Αλφαβητική σειρά</subfield>
   <subfield code="p">85397</subfield>
   <subfield code="q">85397</subfield>
   <subfield code="t">NOLOAN</subfield>
   <subfield code="v">τομ.65;τεύχ.3:(Μήνες)Ιούλ./Αύγ./Σεπ.;(Έτος)2014</subfield>
   <subfield code="y">23</subfield>
  </datafield>
  <datafield tag="900" ind1=" " ind2=" ">
   <subfield code="a">Τομ. 65 τχ. 4 (Οκτ./Νοέμ./Δεκ. 2014)</subfield>
   <subfield code="b">Οφειλόμενο</subfield>
   <subfield code="c">13/06/2017</subfield>
  </datafield>
  <datafield tag="950" ind1=" " ind2=" ">
   <subfield code="a">01/01/2004</subfield>
   <subfield code="c">ΜΕΝΤΖΕΛΟΠΟΥΛΟΣ, ΠΑΝΑΓΙΩΤΗΣ ΓΑΛ.</subfield>
   <subfield code="d">87</subfield>
  </datafield>
  <datafield tag="951" ind1=" " ind2=" ">
   <subfield code="a">Τομ. 65 τχ. 1 (Ιαν./Φεβ./Μάρ. 2014) - Τομ. 65 τχ. 3 (Ιούλ./Αύγ./Σεπ. 2014)</subfield>
   <subfield code="b">Main run</subfield>
  </datafield>
  <datafield tag="951" ind1=" " ind2=" ">
   <subfield code="a">Τομ.Μ΄, τχ.1(Ιαν. 1989) -  (τ.ΝΔ΄, τχ.4(Οκτ./Δεκ.2003)</subfield>
   <subfield code="b">Main run</subfield>
  </datafield>
  <datafield tag="951" ind1=" " ind2=" ">
   <subfield code="a">Τομ. 55 τχ. 1  (Ιαν./Φεβ./Μάρ. 2004)</subfield>
   <subfield code="b">Main run</subfield>
  </datafield>
  <datafield tag="951" ind1=" " ind2=" ">
   <subfield code="a">Τομ. 55 τχ. 2 (Απρ./Μάιος/Ιούν. 2004) - Τομ. 63 τχ. 4 (Οκτ./Νοέμ./Δεκ. 2012)</subfield>
   <subfield code="b">Main run</subfield>
  </datafield>
  <datafield tag="951" ind1=" " ind2=" ">
   <subfield code="a">Τομ. 64 τχ. 1 (Ιαν./Φεβ./Μάρ. 2013) - Τομ. 64 τχ. 4 (Οκτ./Νοέμ./Δεκ. 2013)</subfield>
   <subfield code="b">Main run</subfield>
  </datafield>
 </record>
</collection>
